ARRUPE JESUIT UNIVERSITY

CORONAVIRUS -STOP THE SPREAD - CLEAN,DISINFECT,COVER

Hegel (Record no. 120814)

MARC details
000 -LEADER
fixed length control field 00462nam a22001577a 4500
008 - FIXED-LENGTH DATA ELEMENTS--GENERAL INFORMATION
fixed length control field 140910b xxu||||| |||| 00| 0 eng d
020 ## - INTERNATIONAL STANDARD BOOK NUMBER
International Standard Book Number 9780826485373
050 ## - LIBRARY OF CONGRESS CALL NUMBER
Classification number B2948.J36 2007
100 ## - MAIN ENTRY--PERSONAL NAME
Personal name James, David
9 (RLIN) 11192
245 ## - TITLE STATEMENT
Title Hegel
Remainder of title a guide for the perplexed
Statement of responsibility, etc David James
260 ## - PUBLICATION, DISTRIBUTION, ETC. (IMPRINT)
Place of publication, distribution, etc London
Name of publisher, distributor, etc Continuum
Date of publication, distribution, etc 2007
300 ## - PHYSICAL DESCRIPTION
Extent vi, 164p. ;
Dimensions 22cm.
600 ## - SUBJECT ADDED ENTRY--PERSONAL NAME
Personal name Hegel, Georg Wilhelm Friedrich
9 (RLIN) 11193
650 ## - SUBJECT ADDED ENTRY--TOPICAL TERM
Chronological subdivision 1770-1831
9 (RLIN) 11194
942 ## - ADDED ENTRY ELEMENTS (KOHA)
Source of classification or shelving scheme Library of Congress Classification
Item type Monograph ( Printed materials)
Holdings
Withdrawn status Lost status Source of classification or shelving scheme Damaged status Not for loan Collection code Home library Current library Shelving location Date acquired Total Checkouts Full call number Barcode Date last seen Date last borrowed Price effective from Koha item type
    Library of Congress Classification     Main Collection ARRUPE LIBRARY ARRUPE LIBRARY Main Collection 10/09/2014 3 B2948.J36 2007 46500001762 15/05/2019 13/05/2019 10/09/2014 Monograph ( Printed materials)

 

Arrupe Library. PO Box MP320 Mt Pleasant, Harare, Zimbabwe
263 242 745411|librarian@aju.ac.zw